000 00580nam a22002057a 4500
001 nam a22 7a 4500
003 OSt
005 20210928102556.0
007 nam a22 7a 4500
008 210928b |||||||| |||| 00| 0 eng d
010 _a nam a22 7a 4500
020 _a0201746115
040 _cHU
082 _22nd
_a512/BRE/2002
100 _aBrent Ronald I.
_97533
245 _aJust-in -Time Algebra / For Students of Calculus in Management and the Life Sciences /
260 _aNew York
_bAddison-Wesley
_c2002
300 _a192p
942 _2ddc
_cBOOKS
_n0
999 _c7093
_d7093